| 000 | 00377nam a2200133 a 4500 | ||
|---|---|---|---|
| 001 | 000043790 | ||
| 005 | 20201002044952.0 | ||
| 008 | 140430s199u dr 000 0 spa d | ||
| 040 |
_aDO-SdBNP _bspa _cBNPHU |
||
| 100 | 1 |
_aSilverio, Luis _971626 |
|
| 245 | 1 | 0 |
_aReflejos de mil amores. / _cLuis Silverio. |
| 260 |
_a[Santo Domingo], : _b[s.f.], _c[199?]. |
||
| 300 |
_a69 p. ; _c26 cm. |
||
| 999 |
_c43279 _d43279 |
||